000 00512nam a22001817a 4500
005 20251108164803.0
008 250721s1993 xx 000 0 ara d
082 1 4 _a810.4/عبد
100 1 _aشرف، عبد العزيز
245 1 0 _aلكل زمان شعراؤه /
264 1 _aبيروت :
_bدار الجيل،
_c1993.
300 _a192ص
650 1 7 _aالأدب العربي
650 1 7 _aالمقالات الأدبية
650 1 7 _aالشعر العربي
942 _2ddc
_cBK
999 _c14347
_d14347